Fill in the Blanks of Movie Titles - Statistics

General Stats
  • This quiz has been taken 375 times
  • The average score is 13 of 20
Answer Stats
Release Date Film Missing Word(s) % Correct
January 17, 1940 Gone with the ___ Wind
95%
July 9, 2010 Despicable __ Me
93%
July 26, 1951 Alice in _______ Wonderland
92%
May 30, 2003 Finding ___ Nemo
90%
December 14, 2007 ____ and the Chipmunks Alvin
88%
March 26, 2010 How to Train Your ____ Dragon
88%
September 28, 2012 ____ Transylvania Hotel
87%
January 12, 1996 Dead Man _____ Walking
87%
June 15, 1994 The ___ King Lion
81%
August 26, 1964 Mary _____ Poppins
77%
August 11, 2005 The 40 Year Old ____ Virgin
72%
December 15, 2004 Million Dollar ___ Baby
70%
February 2, 1972 Clockwork _____ Orange
62%
July 28, 2016 Secret Life of ___ Pets
60%
December 13, 1989 ____ Miss Daisy Driving
54%
September 25, 1975 The ____ ____ Picture Show Rocky Horror
48%
October 7, 2016 The ___ on the Train Girl
46%
October 6, 2000 Dancer in the ___ Dark
34%
October 15, 1981 The ___ Dead Evil
16%
December 12, 1955 The ___ Tattoo Rose
8%
No matching quizzes found
Score Distribution
Percent of People with Each Score
Percentile by Number Answered
Your Score History
You have not taken this quiz